| 000 -ლიდერი |
| ფიქსირებული სიგრძის საკონტროლო ველი |
01212nam a2200265Ia 4500 |
| 001 - საკონტროლო ნომერი |
| საკონტროლო ველი |
4913 |
| 003 - საკონტროლო ნომრის იდენტიფიკატორი |
| საკონტროლო ველი |
GE_BSU |
| 005 - ბოლო ოპერაციის თარიღი და დრო |
| საკონტროლო ველი |
20190814115923.0 |
| 008 - ფიქსირებული სიგრძის მონაცემთა ელემენტები - ზოგადი ინფორმაცია |
| ფიქსირებული სიგრძის საკონტროლო ველი |
181216s2008||||ge |||||||||||||| ||geo|| |
| 020 ## - წიგნის საერთაშორისო სტანდარტული ნომერი |
| International Standard Book Number |
9992819 |
| 040 ## - კატალოგიზაციის წყარო |
| Transcribing agency |
GE_BSU |
| 041 ## - ენის კოდი |
| Language code of text/sound track or separate title |
geo |
| 080 ## - უნივერსალური ათობითი კლასიფიკაციის ინდექსი |
| Universal Decimal Classification number |
726.5(479.22) + 726.6(479.22) + 726.7(479.22) + 725.182(479.22) შ-93 |
| 100 ## - მთავარი ჩანაწერი - პიროვნების სახელი |
| Personal name |
შუბითიძე-მაჭარაშვილი, ვაჟა |
| 9 (RLIN) |
3572 |
| 245 ## - ცნობა სათაურის შესახებ |
| Title |
ქართული ციხე სიმაგრეები და ეკლესია მონასტრები = Georgian fortresses, Churches and Monasteries / |
| Statement of responsibility, etc |
ვაჟა შუბითიძე-მაჭარაშვილი ; რედ. ზვიად კვიციანი. |
| 260 ## - გამოქვეყნების, გავრცელების, და სხვა. ცნობები |
| Place of publication, distribution, etc |
თბილისი |
| 260 ## - გამოქვეყნების, გავრცელების, და სხვა. ცნობები |
| Name of publisher, distributor, etc |
ინოვაცია |
| 260 ## - გამოქვეყნების, გავრცელების, და სხვა. ცნობები |
| Date of publication, distribution, etc |
2008 |
| 300 ## - ფიზიკური აღწერა |
| Extent |
118 გვ. : |
| Other physical details |
ილ. ; |
| Dimensions |
28 სმ. |
| 653 ## - INDEX TERM--UNCONTROLLED |
| Uncontrolled term |
ქართული ციხე-სიმაგრეები |
| 653 ## - INDEX TERM--UNCONTROLLED |
| Uncontrolled term |
ქართული ეკლესია-მონასტრები |
| 700 ## - ADDED ENTRY--PERSONAL NAME |
| Personal name |
კვიციანი, ზვიად |
| Relator term |
რედაქტორი |
| 9 (RLIN) |
3573 |
| 942 ## - ADDED ENTRY ELEMENTS (KOHA) |
| Koha item type |
წიგნი |
| Source of classification or shelving scheme |
|